[Event "Liechtenstein op 26th"]
[Site "Triesen"]
[Date "2008.04.27"]
[Round "3"]
[White "Mannhart, Marcel"]
[Black "Wittwer, Markus"]
[Result "1-0"]
[WhiteElo "2205"]
[BlackElo "1986"]
[PlyCount "76"]
[EventDate "2008.04.25"]
[EventType "swiss"]
[EventRounds "9"]
[EventCountry "LIE"]
[SourceTitle "CBM 123 Extra"]
[Source "ChessBase"]
[SourceDate "2008.05.06"]
[SourceVersion "1"]
[SourceVersionDate "2008.05.06"]
[SourceQuality "1"]

1. Nc3 d5 2. e4 e6 3. Qe2 Nf6 4. d3 Nc6 5. Nf3 Bb4 6. e5 d4 7. a3 dxc3 8. axb4 Nd4 9. Nxd4 Qxd4 10. b3 Nd5 11. b5 Bd7 12. Qe4 Qb6 13. Be2 Bxb5 14. 0-0 Bc6 15. Qh4 Qb4 16. Qg3 g6 17. Bf3 a6 18. Ba3 Qd4 19. Rfe1 0-0-0 20. Re4 Qb6 21. Rc4 Bb5 22. Bc5 Qc6 23. Be7 Bxc4 24. dxc4 Rd7 25. Bf6 Re8 26. cxd5 Qb6 27. dxe6 fxe6 28. Be2 Rd2 29. Bd3 Rf8 30. h3 Rf7 31. Rf1 Rd7 32. Bg5 R7xd3 33. cxd3 Qxb3 34. Bxd2 cxd2 35. Qf3 Qc2 36. Qe2 a5 37. Rd1 a4 38. Rxd2 Qc3 1-0

[Event "Liechtenstein op 25th"]
[Site "Triesen"]
[Date "2007.05.13"]
[Round "3"]
[White "Wittwer, Markus"]
[Black "Kranz, Armin"]
[Result "1/2-1/2"]
[WhiteElo "1981"]
[BlackElo "2167"]
[PlyCount "73"]
[EventDate "2007.05.11"]
[EventType "swiss"]
[EventRounds "9"]
[EventCountry "LIE"]
[SourceTitle "CBM 118 Extra"]
[Source "ChessBase"]
[SourceDate "2007.07.04"]
[SourceVersion "1"]
[SourceVersionDate "2007.07.04"]
[SourceQuality "1"]

1. e4 e5 2. Nf3 Nf6 3. Nxe5 d6 4. Nf3 Nxe4 5. d3 Nf6 6. d4 Be7 7. Bd3 0-0 8. h3 c5 9. 0-0 Nc6 10. dxc5 dxc5 11. c3 Qd5 12. Bc2 Be6 13. Bg5 Rad8 14. Nbd2 Bf5 15. Re1 Rfe8 16. Bb3 Qd6 17. Qe2 Bd3 18. Qe3 Bf8 19. Qf4 Qxf4 20. Bxf4 b5 21. a4 a6 22. axb5 axb5 23. c4 Nd4 24. Nxd4 cxd4 25. cxb5 Bxb5 26. Rxe8 Bxe8 27. Ra7 d3 28. Nf3 Bc5 29. Rc7 Ne4 30. Be3 Bxe3 31. fxe3 d2 32. Bd1 g6 33. Rc4 f5 34. Rd4 Rxd4 35. Nxd4 Kf7 36. Kf1 Ke7 37. Ke2 1/2-1/2

[Event "Liechtenstein op 25th"]
[Site "Triesen"]
[Date "2007.05.11"]
[Round "1"]
[White "Wittwer, Markus"]
[Black "Sedina, Elena"]
[Result "0-1"]
[WhiteElo "1981"]
[BlackElo "2352"]
[PlyCount "76"]
[EventDate "2007.05.11"]
[EventType "swiss"]
[EventRounds "9"]
[EventCountry "LIE"]
[SourceTitle "CBM 118 Extra"]
[Source "ChessBase"]
[SourceDate "2007.07.04"]
[SourceVersion "1"]
[SourceVersionDate "2007.07.04"]
[SourceQuality "1"]

1. e4 e6 2. d4 d5 3. Nc3 Bb4 4. e5 c5 5. a3 Bxc3+ 6. bxc3 Ne7 7. Nf3 Qc7 8. Bd3 b6 9. 0-0 Ba6 10. Bxa6 Nxa6 11. Qd3 Nb8 12. dxc5 bxc5 13. c4 dxc4 14. Qxc4 Nd7 15. Bb2 Rb8 16. Bc3 0-0 17. Rae1 Nb6 18. Qg4 Nf5 19. Ng5 Qe7 20. Re4 Nd5 21. Ba1 h6 22. Nf3 c4 23. Rxc4 Qxa3 24. Nd4 Nxd4 25. Rxd4 Rfc8 26. Rd3 Qf8 27. c4 Rb4 28. Rc1 Nb6 29. Rdc3 Rcxc4 30. Rxc4 Nxc4 31. Bc3 Ra4 32. Bd2 Nb6 33. f4 Rc4 34. Ra1 Qc5+ 35. Kf1 a5 36. Qf3 Qd5 37. Qxd5 Nxd5 38. Rxa5 Nxf4 0-1

[Event "Liechtenstein op 21st"]
[Site "Vaduz"]
[Date "2003.05.23"]
[Round "1"]
[White "Wittwer, Markus"]
[Black "Rotstein, Arkadij"]
[Result "0-1"]
[WhiteElo "2093"]
[BlackElo "2514"]
[PlyCount "62"]
[EventDate "2003.05.23"]
[EventType "swiss"]
[EventRounds "5"]
[EventCountry "LIE"]
[SourceTitle "CBM 094 Extra"]
[Source "ChessBase"]
[SourceDate "2003.07.09"]
[SourceVersion "2"]
[SourceVersionDate "2003.07.09"]
[SourceQuality "1"]

1. e4 c5 2. Nf3 e6 3. d4 cxd4 4. Nxd4 a6 5. Bd3 Bc5 6. Nb3 Ba7 7. 0-0 Ne7 8. Nc3 Nbc6 9. Qe1 0-0 10. Kh1 b5 11. Be3 d6 12. Rd1 e5 13. f3 Be6 14. Bxa7 Rxa7 15. Qh4 Nb4 16. Rf2 Qb6 17. Rfd2 Ng6 18. Qe1 Rd7 19. Bf1 Rc8 20. a3 Nxc2 21. Rxc2 Bxb3 22. Nd5 Qd8 23. Rxc8 Qxc8 24. Rc1 Qb7 25. Qc3 Bxd5 26. exd5 Ne7 27. f4 exf4 28. Re1 Rd8 29. Qf3 Ng6 30. Bd3 Ne5 31. Qe4 g6 0-1

[Event "Winterthur op 1st"]
[Site "Winterthur"]
[Date "2001.10.07"]
[Round "3"]
[White "Wittwer, Markus"]
[Black "Sofrigin, Alexej"]
[Result "0-1"]
[WhiteElo "2123"]
[BlackElo "2299"]
[PlyCount "60"]
[EventDate "2001.10.05"]
[EventType "swiss"]
[EventRounds "9"]
[EventCountry "SUI"]
[SourceTitle "CBM 084 Extra"]
[Source "ChessBase"]
[SourceDate "2001.10.26"]
[SourceVersion "1"]
[SourceVersionDate "2001.10.26"]
[SourceQuality "1"]

1. e4 g6 2. d4 Bg7 3. Bc4 c6 4. Bb3 d5 5. e5 Nh6 6. Ne2 0-0 7. Bf4 c5 8. c3 Nc6 9. h4 e6 10. g4 Nxg4 11. Ng3 Nh6 12. Qd2 Nf5 13. Nxf5 exf5 14. h5 cxd4 15. cxd4 Qb6 16. Nc3 Qxd4 17. hxg6 Qxd2+ 18. Bxd2 hxg6 19. f4 Be6 20. 0-0-0 Rad8 21. Be1 d4 22. Nb5 Bxb3 23. axb3 Rd5 24. Nd6 f6 25. exf6 Bxf6 26. Nc4 Re8 27. Bh4 Bg7 28. Rh2 Re4 29. Bg5 d3 30. Rh3 b5 0-1